Dobrovoľnícka činnosť v organizáciách tretieho sektora

Dobrovoľníctvo je neodmysliteľnou súčasťou každej modernej spoločnosti. V posledných rokoch sa rozšírilo predovšetkým v organizáciách tretieho sektora. Vďaka dobrovoľníctvu môžu občania významne prispieť k sociálnemu a hospodárskemu rozvoju a zároveň rozvíjať vlastné schopnosti.

Uložené v:
Podrobná bibliografia
Hlavný autor: Brindzová, Zuzana
Médium: Kapitola
Jazyk:Slovak
Predmet:
Tagy: Pridať tag
Žiadne tagy, Buďte prvý, kto otaguje tento záznam!

MARC

LEADER 00000nla a2200000 4500
001 0204644
005 20240502073422.3
041 0 |a slo 
044 |a SK 
245 1 0 |a Dobrovoľnícka činnosť v organizáciách tretieho sektora  |c Zuzana Brindzová 
520 |a Dobrovoľníctvo je neodmysliteľnou súčasťou každej modernej spoločnosti. V posledných rokoch sa rozšírilo predovšetkým v organizáciách tretieho sektora. Vďaka dobrovoľníctvu môžu občania významne prispieť k sociálnemu a hospodárskemu rozvoju a zároveň rozvíjať vlastné schopnosti. 
610 2 0 |a dobrovoľníctvo 
610 2 0 |a pracovníci dobrovoľní 
610 2 0 |a zmluvy pracovné 
610 2 0 |a zákony 
610 2 0 |a organizácie neziskové 
610 2 0 |a projekty 
610 2 0 |a pomoc sociálna 
100 1 |a Brindzová, Zuzana